000 01143naa a22002657a 4500
001 BR7405087
003 BR-BrBNA
005 20250714141711.0
007 ta
008 250630b bl.|||m| |||| 00| 0 por d
040 _aBR-BrBNA
_bpor
_cBiblioteca Nacional de Agricultura
041 _a(Pt)
072 _aM00
_b8150
_bG514
090 _aM00 BR7405087
100 1 _aBoerema, J.K.
111 1 _a1. Reuniao do Grupo de Trabalho e Treinamento
_cSantos, SP (Brazil)
_d4 Mar 1974
245 1 _aAs caracteristicas dos estoques de peixes explorados [Brasil]
500 _aRelatorio da Primeira Reuniao do Grupo de Trabalho e Treinamento (G.T.T.)sobre avaliacao dos estoques Rio de Janeiro, RJ (Brasil): 1974. p. 23-34 (BR7405087-AMS)
773 0 _tRelatorio da Primeira Reuniao do Grupo de Trabalho e Treinamento (G.T.T.)sobre avaliacao dos estoques
_wM00 BR7405087
_gRio de Janeiro, RJ (Brasil), 1974. p. 23-34
650 _aPEIXE MARINHO
650 _aESTOQUE
490 _aDocumentos Tecnicos - Programa de Pesquisa e Desenvolvimento Pesqueiro do Brasil (Brazil)
_vno. 7
942 _cAMS
_2AGRIS
909 _a202506
_bLúcia
_c55
_dLúcia Elande
999 _c332821
_d332821